000 01182nam a2200325 c 4500
003 BLK
005 20250322103315.0
008 180409b bul|||||r ||||||| ||bul||
010 _aKNG00115153000
020 _a954-585-546-0
_bиздат.: Бард
040 _aBLK
041 _aBUL
_cBUL
080 _aАмериканска литература (на САЩ)
_b821.111(73)
_x-311.6
_z821.111(73)-311.6
100 1 _aЕсекс, Карен
_eпърви автор
_967605
700 _aМиланова, Силвана Спасова
_d1961-
_9486790
139 _aЕсекс, Карен
_bЕ 86
245 1 0 _aФараон
_bРоман
_cКарен Есекс; прев. от англ. Силвана Миланова.
257 _aUSA
260 София
_bБард
_c2004
300 _a383 с., с к., сх.
_c21 см
380 _aX
500 _aОриг. загл. Pharaon /Karen Essex. - Офс. изд.
653 _aисторически романи
852 _aЦб 220937
856 4 _qpdf
_u
856 4 _qpdf
_u
942 _cKNG
_n0
_014
944 _aCR
_c28.09.2004
_k30546
_lРенета Константинова
944 _aED
_c12.02.2007
_k
999 _c109832
_d109832